Pop culture en images - K - Statistiques

Statistiques générales
  • Ce quiz a été pris 346 fois
  • Le résultat moyen est 8 sur 16
Statistiques - réponses
Par images Réponse % Correct
King Kong
93%
Kirby
92%
Kim possible
71%
Kevin McCallister
69%
Krokmou
69%
Kratos
65%
Katniss Everdeen
62%
Ken Kaneki
58%
Kurapika
58%
Kylo Ren
56%
Kirito
52%
Koda
27%
Kaguya Shinomiya
25%
Kowalski
20%
Kena
9%
Kafka
6%
Aucun quiz correspondant
Distribution des résultats
% des personnes avec chaque résultat
Percentile par nombre de réponses
Votre historique - résultats
Vous n’avez pas pris ce quiz